000 00775cab a2200193 4500
001 ABS39585
008 090401t1988 xxu||||| |||| 00| 0 eng d
035 _a(Sirsi) u17598
041 _aeng
100 _aWells, D.
245 _aBuilding by the book?
260 _c1988
350 _a0
490 _aSurveyor
_v170(5--7) 11 August 1988, 12-13(2)
520 _aLooks at the construction of Birmingham `s International Convention Centre and its use of contract compliance brought about by the city`s Procedural Agreement for the Conduct of Industrial Relations and Safety which includes the requirement that 30% of labour employed should be drawn from depressed city areas.
690 _aBUILT ENVIRONMENT-BUILDING CONTRACT FORMS
942 _n0
948 _c04/03/1997
999 _c11666
_d11666